Cosas viejas, cosas nuevas / (Registro nro. 3327)

Detalles MARC
000 -LEADER
fixed length control field 00870nam a2200265Ia 4500
003 - CONTROL NUMBER IDENTIFIER
control field OSt
005 - DATE AND TIME OF LATEST TRANSACTION
control field 20250801114907.0
008 - FIXED-LENGTH DATA ELEMENTS--GENERAL INFORMATION
fixed length control field 191128s9999 xx 000 0 und d
020 ## - INTERNATIONAL STANDARD BOOK NUMBER
International Standard Book Number 9789584636942
040 ## - CATALOGING SOURCE
Original cataloging agency CO-JMCR
Transcribing agency CO-JMCR
041 ## - LANGUAGE CODE
Language code of text/sound track or separate title spa
082 ## - DEWEY DECIMAL CLASSIFICATION NUMBER
Classification number A-C
Item number ROAc
100 ## - MAIN ENTRY--PERSONAL NAME
Personal name Roa, Luisa, autora
9 (RLIN) 4877
245 #0 - TITLE STATEMENT
Title Cosas viejas, cosas nuevas /
245 #0 - TITLE STATEMENT
Statement of responsibility, etc. Luisa Roa
260 ## - PUBLICATION, DISTRIBUTION, ETC.
Place of publication, distribution, etc. Bogotá
260 ## - PUBLICATION, DISTRIBUTION, ETC.
Name of publisher, distributor, etc. Toquica
260 ## - PUBLICATION, DISTRIBUTION, ETC.
Date of publication, distribution, etc. 2013
300 ## - PHYSICAL DESCRIPTION
Extent 40 páginas
300 ## - PHYSICAL DESCRIPTION
Other physical details Ilustraciones en balnco y negro
300 ## - PHYSICAL DESCRIPTION
Dimensions 17 cm.
520 ## - SUMMARY, ETC.
Summary, etc. La realilzación de esta serie de publicaciones fue gracias al premio "Beca de publicación periódica sobre artes plásticas y visuales" de la Gerencia de artes plásticas y visuales de IDARTES. Portafolio distrital de estímulos 2012.
650 ## - SUBJECT ADDED ENTRY--TOPICAL TERM
Topical term or geographic name entry element Cuentos de vida cotidiana
9 (RLIN) 4878
942 ## - ADDED ENTRY ELEMENTS (KOHA)
Source of classification or shelving scheme Dewey Decimal Classification
Koha item type Books
Existencias
Withdrawn status Lost status Source of classification or shelving scheme Damaged status Not for loan Collection code Home library Current library Date acquired Cost, normal purchase price Total Checkouts Full call number Barcode Date last seen Date last checked out Copy number Price effective from Koha item type
    Dewey Decimal Classification     Fiction Biblioteca Pública José María del Castillo y Rada Biblioteca Pública José María del Castillo y Rada 11/28/2019 0.00 1 A-C ROAc 201806803 04/27/2022 04/27/2022 Ej.1 11/28/2019 Books